Statistics for Los Angeles A-Z

Click here to take the quiz!

General Stats

  • This quiz has been taken 7,567 times
  • The average score is 18 of 26

Answer Stats

ClueAnswer% Correct
HNeighborhood that is the center of the film industryHollywood
96%
UFilm related theme park: ________ StudiosUniversal
92%
ASuburb where Disneyland is locatedAnaheim
91%
BWord following Sepulveda, Sunset, or WilshireBoulevard
91%
PThe streets of L.A. are lined with this type of treePalm
88%
VBeach neighborhood with canalsVenice
88%
FSan Andreas _____Fault
87%
MBeach town where many celebrities have homesMalibu
87%
TWest Coast rapper who was killed in 1996Tupac
86%
OSuburban county with over 3 million residentsOrange
83%
KAsian ethnic enclave near downtown{Korea}town
81%
RFamous shopping street in Beverly Hills: ____ DriveRodeo
78%
LMost common word spoken by Valley GirlsLike
75%
DOne of two NHL hockey teams in the metro areaDucks
64%
SArea where over 5,000 homeless people live: ____ RowSkid
62%
CGrauman's _______ TheatreChinese
58%
Z1943 street battle over excessive fabric use: ____ Suit RiotZoot
57%
QIn Los Angeles there are many shops that sell dresses for this celebration
of a girl's 15th birthday
Quinceañera
56%
JTime for cloudy weather: ____ GloomJune
54%
NMultiple Oscar-winning actor who can be seen courtside at Lakers gamesNicholson
52%
WLocation of 1965 riotsWatts
44%
GPlace to see the stars: _______ ObservatoryGriffith
43%
YQuite possibly the only city in the world with more Armenians than Los AngelesYerevan
42%
ESan Fernando Valley neighborhood where a Pauly Shore movie took placeEncino
40%
XRapper who hosted MTV's "Pimp My Ride"Xzibit
35%
IThis suburb has grown from 10,000 residents in 1970 to nearly 300,000 todayIrvine
28%

Score Distribution

Percentile by Number Answered

Percent of People with Each Score

Your Score History

You have not taken this quiz